| 000 | 00598cam a22002291 4500 | ||
|---|---|---|---|
| 001 | sa 66007302 | ||
| 003 | DLC | ||
| 005 | 20260227112303.0 | ||
| 008 | 890717m19629999ii 000 0 urdr | ||
| 010 | _asa 66007302 | ||
| 035 | _a(OCoLC)20023984 | ||
| 040 |
_aDLC _cWaU _dDLC |
||
| 042 | _apremarc | ||
| 043 | _aa-ii--- | ||
| 050 | 0 | 0 |
_aPK2155 _b.A4 |
| 110 | 2 |
_aAligarh Muslim University. _bDepartment of Urdu. |
|
| 245 | 1 | 0 | _aʻAlīgarh tārīk̲h̲-i adab-i Urdū. |
| 260 | _c[1962- ] | ||
| 300 |
_av. _c24 cm. |
||
| 500 | _aIn Urdu | ||
| 650 | 0 |
_aUrdu literature _xHistory and criticism. |
|
| 999 |
_c71079 _d71079 |
||